|
书名:
|
《北京市实施<中华人民共和国道路交通安全法>办法》实用手册
|
|
|
作者:
|
李建华
,
毕庶琪
主编
|
|
出版信息:
|
北京
中国法制出版社
2005.01
|
|
开本页数:
|
21cm 
370页
|
|
丛书名:
|
|
|
单 册:
|
|
|
中图分类:
|
D92
|
|
科图分类:
|
|
|
主题词:
|
道路交通安全法--基本知识--北京市
|
|
电子资源:
|
|
|
ISBN:
|
7-80182-359-1
|
|
000
|
00919nam0 2200241 450
|
|
001
|
725
|
|
005
|
20070925154903.65
|
|
010
|
|
@a7-80182-359-1@dCNY20.00
|
|
100
|
|
@a20070925d2005 km y0chiy0120 ea
|
|
101
|
0
|
@achi
|
|
102
|
|
@aCN@b110000
|
|
105
|
|
@ay z 000yy
|
|
106
|
|
@ar
|
|
200
|
1
|
@a《北京市实施<中华人民共和国道路交通安全法>办法》实用手册@A《bei jing shi shi shiban fa》shi yong shou ce@f主编李建华,毕庶琪@Fzhu bian li jian hua,bi shu qi
|
|
210
|
|
@a北京@c中国法制出版社@d2005.01
|
|
215
|
|
@a370页@d21cm
|
|
330
|
|
@a本书分两部分:第一部分《北京市实施<中华人民共和国道路交通安全法>办法》释义;第二部道路交通安全法律法规关键条款应用指南。
|
|
606
|
0
|
@a道路交通安全法@x基本知识@y北京市
|
|
690
|
|
@aD92@v4
|
|
701
|
0
|
@a李建华@Ali jian hua@4主编
|
|
701
|
0
|
@a毕庶琪@Abi shu qi@4主编
|
|
801
|
0
|
@aCN@bRULIN@c20070925
|
|
905
|
|
@dD92@e199
|
|
|
|
|
| |
| 《北京市实施<中华人民共和国道路交通安全法>办法》实用手册/主编李建华,毕庶琪.-北京:中国法制出版社,2005.01 |
| 370页;21cm |
| |
| |
| ISBN 7-80182-359-1:CNY20.00 |
| 本书分两部分:第一部分《北京市实施<中华人民共和国道路交通安全法>办法》释义;第二部道路交通安全法律法规关键条款应用指南。 |
| ● |
正题名:《北京市实施<中华人民共和国道路交通安全法>办法》实用手册
索取号:D92/199
 
预约/预借
| 序号
|
登录号
|
条形码
|
馆藏地/架位号
|
状态
|
备注
|
|
1
|
311727
|
300311727
|
海科密-1楼/5架2列1层/
[索取号:D92/199]
|
在馆
|
|
|
2
|
311728
|
300311728
|
海科密-1楼/5架2列1层/
[索取号:D92/199]
|
在馆
|
|
|
3
|
311729
|
300311729
|
海科密-1楼/5架2列1层/
[索取号:D92/199]
|
在馆
|
|
|
4
|
311730
|
300311730
|
海科密-1楼/5架3列7层/
[索取号:D92/199]
|
在馆
|
|
|
5
|
311731
|
300311731
|
海科密-1楼/5架3列7层/
[索取号:D92/199]
|
在馆
|
|
|
6
|
311732
|
300311732
|
海科密-1楼/5架2列1层/
[索取号:D92/199]
|
在馆
|
|
|
7
|
311733
|
300311733
|
海科密-1楼/5架2列1层/
[索取号:D92/199]
|
在馆
|
|
|
8
|
311734
|
300311734
|
海科密-1楼/5架2列1层/
[索取号:D92/199]
|
在馆
|
|
|
9
|
311735
|
300311735
|
海科密-1楼/5架2列1层/
[索取号:D92/199]
|
在馆
|
|
|
10
|
311736
|
300311736
|
海科密-1楼/5架2列1层/
[索取号:D92/199]
|
在馆
|
|